000 01205nam a22003497a 4500
003 CHAP
005 20220817041805.0
008 971013s1971 r 00010 d
010 _a24534
011 _a25506
035 _a29606
040 _cCHAP
090 _aFolleto 2702 (1970)
110 _aComité Mixto FAO/OMS de Expertos en Aditivos Alimentarios
_925891
245 _aEvaluación de los aditivos alimentarios... decimocuarto informe
260 _aRoma :
_bFAO,
_c1971
300 _a34 p.
490 _aFAO. Reuniones sobre nutrición
_v; 48
590 _aBATCH-UPD
_b10
_c20130110
_lUCH01
_h1447
590 _aBATCH-UPD
_b10
_c20130410
_lUCH01
_h0916
590 _aBATCH-UPD
_b10
_c20130913
_lUCH01
_h2010
590 _aCONVERSION
_b10
_c20130109
_lUCH01
_h1314
650 1 4 _aAditivos alimenticios.
_9907
710 0 _aFAO.
710 0 _aOrganización Mundial de la Salud.
_983555
830 0 _aFAO. Reuniones sobre nutrición
_v; 48
_939679
901 _aBK
942 _cFOLL
949 _aFolleto 2702 (1970)
_bBC
_cFOLL
_d-68521
_eTS1
_i29606
_si
949 _aFolleto 2702 (1970)
_bBC
_cFOLL
_d-68523
_eTS2
_fc.2
_i29606
_si
949 _aFolleto 2702 (1970)
_bBC
_cFOLL
_d-68525
_eTS2
_fc.3
_i29606
_si
999 _c24534
_d24534